| 000 | 00662nam a2200217Ii 4500 | ||
|---|---|---|---|
| 003 | JO-AjNU | ||
| 008 | 230605s9999||||xx |||||||||||||| ||und|| | ||
| 020 | _a977-5340-23-1 | ||
| 040 |
_aJO-AjNU _bara _erda _cJO-AjNU |
||
| 041 | _aara | ||
| 050 | 1 | 4 | _aPJ7816 1997 |
| 100 | 3 |
_aتأليف بصير،أمين, _eauthor _913792 |
|
| 245 | 0 | 0 | _aليالي الحب والطرب في حياة العرب |
| 250 | _aط1 | ||
| 264 | 3 | 1 | _aدمشق:دار الكتاب العربي،1997 |
| 300 | _a142ص | ||
| 336 |
_atext _btxt _2rdacontent |
||
| 337 |
_aunmediated _bn _2rdamedia |
||
| 338 |
_avolume _bnc _2rdacarrier |
||
| 650 | 4 |
_a روايات عربية _913793 |
|
| 999 |
_aA3525 _c7093 _d7093 |
||